02711nam a2200277uu 4500001000800000005001700008007001000025008004100035035001200076040001300088041000800101082000800109100004300117245019200160260003000352300001300382520158900395650003201984650003402016650003702050650003002087650005202117650004302169700004302212500017802255138580020260508085732.0co|||||||140917e20130917 spa  a1385800 ccomduadb aspa 4a36210aRodas Betancur, Olga Cecilia4auteaut10aDiseño del programa de seguridad del paciente para el servicio de hospitalización domiciliaria de la Institución Intisalud IPS S.A.S. : municipio de Apartadó Antioquia, año 2013 aTurbo :bAutor(a),c2013. a1 CD-ROM3 aEl objetivo del presente trabajo consistió en diseñar el programa de seguridad del paciente para el servicio de hospitalización domiciliaria, con el fin de promover procesos institucionales y asistenciales seguros, incentivar prácticas que mejoren la actuación de los profesionales e involucrar a los pacientes y sus familiares en los procesos, para la mejora de la calidad en la atención en salud y la prestación del servicio. Para ello se seleccionó la legislación vigente concerniente a la seguridad del paciente y la hospitalización domiciliaria y se identifican y definen los documentos, procesos y registros institucionales de base para la revisión y descripción de los procesos existentes en la institución relacionados con la seguridad del paciente. Se identificaron las fortalezas y debilidades relacionadas con la calidad en la atención y la seguridad y se identifican y analizan los eventos adversos del servicio que fueron notificados durante el año 2012. Como resultado se establece el manual de seguridad del paciente para el servicio de hospitalización domiciliaria, a partir de los métodos. Conclusiones. Se define el listado de EA, para reportar, su respectiva tipificación y clasificación, se definen criterios y formatos de la gestión y análisis de los EA, se crea una base de datos para generar alertas e identificar la incidencia y prevalencia de los EA y se establecen las condiciones generales del Programa de Seguridad del Paciente, para enmarcar una gestión y atención domiciliaria efectiva, de calidad y segura. 7aSeguridad del paciente2dcs aHospitalización a domicilio aAtención domiciliaria de salud aEventos adversos en salud 7aAdministración de los servicios de salud2dcs 7aCalidad de la atención de salud2dcs10aGiraldo Piedrahita, Fernando4thseths aTesis (Administrador de Salud con Énfasis en Gestión de Servicios de Salud). Universidad de Antioquia. Facultad Nacional de Salud Pública - Título del grado otorgado